000 00691nam a2200193 i 4500
001 187712
003 ES-MaACL
005 20250708063344.0
008 180202s1912 fr |||| | fre d
100 1 _aHume, Martin,
_d1847-1910
_964726
245 1 3 _aLa cour de Philippe IV et la décadence de l'Espagne (1621-1665) /
_cMartin Hume ; ouvrage traduit de l'anglais par J. Condamin et P. Bonnet.
260 _aParis :
_bPerrin,
_c1912.
300 _aX, 512 p., 6 lám. :
_bil. ;
_c22 cm.
651 4 _aEspaña-
_xHistoria-
_y1621-1665, Felipe IV.
_98235
700 1 _aCondamin, J.
_9164166
700 1 _aBonnet, P.
_9164167
852 _aES-MaACL
_jC-351
999 _c187712
_d187712